English for international tourism : Intermediate coursebook

English for international tourism is a three-level series designed to meet the English language needs of professionals working in the tourism industry and students of tourism in further education.

Uloženo v:
Podrobná bibliografie
Hlavní autor: Strutt, Peter
Médium: Kniha
Jazyk:Undetermined
Vydáno: Harlow, England Pearson Education Limited 2013
Témata:
Tagy: Přidat tag
Žádné tagy, Buďte první, kdo otaguje tento záznam!
Thư viện lưu trữ: Trung tâm Học liệu Trường Đại học Cần Thơ
LEADER 00858nam a2200217Ia 4500
001 CTU_236887
008 210402s9999 xx 000 0 und d
082 |a 428.24 
082 |b S927 
100 |a Strutt, Peter 
245 0 |a English for international tourism : 
245 0 |b Intermediate coursebook 
245 0 |c Peter Strutt 
260 |a Harlow, England 
260 |b Pearson Education Limited 
260 |c 2013 
520 |a English for international tourism is a three-level series designed to meet the English language needs of professionals working in the tourism industry and students of tourism in further education. 
650 |a Tourism,English language,English languages 
650 |x Terminology,Problems, exercises, etc.,Textbooks for foreign speakers 
910 |a Tuyến 
980 |a Trung tâm Học liệu Trường Đại học Cần Thơ